000
00248nam a2200109Ia 4500
008
190912s9999||||xx |||||||||||||| ||und||
100
_a
Zakir Ali
245
0
_a
Rawayat e Aligarh
260
_a
Karachi
_b
Macmillan
_c
1993
300
_a
308
942
_c
BK
999
_c
7177
_d
7177